Why employees don't do what they're supposed to do and what to do about it

Bibliographic Details
Main Author: Fournies, Ferdihand F
Format: Book
Published: London : Liberty Hall Press , 1991
Subjects:

MARC

LEADER 00000cam a2200000 7i4500
001 0000004189
002 000004506
005 20000330.0
020 |a 0830698345 
090 0 0 |a 658.302   |b FOU 
100 0 |a Fournies, Ferdihand F 
245 0 0 |a Why employees don't do what they're supposed to do and what to do about it   |c Ferdinand F.Fournies 
260 |a London :   |b Liberty Hall Press ,   |c 1991 
300 |a 107p. ;   |c 23cm. 
650 0 0 |a Supervision of employees 
999 |a 030201   |b BUKU   |c PINJAMAN   |e PERPUSTAKAAN KOMUNITI PETALING JAYA 
999 |a 053020   |b BUKU   |c PINJAMAN   |e PERPUSTAKAAN KOMUNITI PETALING JAYA